Signalisation ferroviaire - Quel pays? - Difficile - Statistiques

Statistiques générales
  • Ce quiz a été pris 14 fois
  • Le résultat moyen est 10 sur 24
Statistiques - réponses
Par images Réponse % Correct
France
100%
Japon
78%
France
67%
Royaume-Uni
67%
Allemagne
56%
Allemagne
56%
Belgique
56%
États-Unis (Amtrak)
56%
Suisse
56%
Canada
44%
Pays-Bas
44%
Russie
44%
Espagne (Catalogne)
33%
Italie
33%
Luxembourg
33%
Pologne
33%
Australie (Nouvelle-Galles-du-Sud)
22%
Danemark
22%
Luxembourg
22%
Nouvelle-Zélande
22%
Suède/Norvège
22%
République Tchèque
11%
Roumanie
11%
Thaïlande
11%
Aucun quiz correspondant
Distribution des résultats
% des personnes avec chaque résultat
Percentile par nombre de réponses
Votre historique - résultats
Vous n’avez pas pris ce quiz